[Event "19th Bangkok Open 2019"]
[Site "Bangkok"]
[Date "2019.04.13"]
[Round "8.8"]
[White "Zhao, Zong-Yuan"]
[Black "Salvador, Louie"]
[Result "1-0"]
[WhiteElo "2529"]
[BlackElo "2270"]
[Annotator "TA"]
[PlyCount "79"]
[EventDate "2019.04.06"]
[EventType "swiss"]
[EventCountry "THA"]
[SourceTitle "playchess.com"]
[Source "ChessBase"]
[SourceQuality "1"]

{[%evp 16,79,31,32,88,73,89,77,83,48,66,22,165,141,125,118,225,216,235,239,227,231,218,232,261,273,265,269,264,258,250,236,235,234,250,262,261,263,265,267,289,263,256,283,264,263,382,352,370,362,391,388,372,355,343,285,464,459,420,395,559,469,497,445,665,631]} 1. e4 c5 2. Nf3 d6 3. d4 cxd4 4. Nxd4 Nf6 5. Nc3 a6 6. Be3 e6 7. Be2 Be7 8. f4 Qc7 9. g4 b5 {B84: Sicilian Scheveningen: 6 Be2 a6, lines without early Be3} (9... d5 $14) 10. g5 $16 Nfd7 11. a3 Bb7 {White is better.} 12. f5 (12. Qd2 Nc6 13. h4 Nxd4 14. Bxd4 e5 15. Be3 exf4 16. Bxf4 Ne5 17. O-O-O {1-0 (33) Hovhannisyan,R (2637)-Wang,H (2730) St Petersburg 2018}) 12... e5 13. Nb3 Nc5 $146 (13... h6 $1 $11) ({Predecessor:} 13... Nb6 14. Na5 N8d7 15. Qd2 Nc5 16. Nxb7 Qxb7 17. O-O-O {1-0 (44) Brkic,A (2563)-Stocko,J (2362) Sarajevo 2017}) 14. Nd5 $36 {[%mdl 2048] Black is under strong pressure.} Bxd5 15. Qxd5 (15. exd5 Na4 $11) 15... Qc6 (15... Nxb3 $16 {was worth a try.} 16. cxb3 Qc6) 16. Nxc5 $18 Qxd5 17. exd5 dxc5 18. a4 b4 19. d6 Bxd6 {[#]} 20. O-O-O $1 Be7 {[#]} 21. f6 $1 {[%mdl 512]} gxf6 22. gxf6 Bxf6 23. Bf3 (23. Bxc5 $6 Bg5+ 24. Kb1 Nc6 $16) 23... Ra7 24. Bxc5 {[%mdl 64] Double Attack} Rd7 {[#]} 25. Bd6 $1 {[%cal Rd6b8]} (25. Bxb4 $6 Be7 $16) 25... Rd8 26. Rhg1 (26. Bxb4 $6 Rg8 $16) 26... h6 27. Kb1 (27. Bxb4 $6 Rxd1+ 28. Rxd1 Rg8 $16) 27... h5 28. a5 (28. Bxb4 $6 Rxd1+ 29. Rxd1 Be7 $16) 28... Rc8 29. Bb7 ({Much less strong is} 29. Bxb4 $6 Nc6 $16) 29... Rd8 30. Ka2 ({Resist} 30. Bxb4 $6 Rxd1+ 31. Rxd1 Be7 $16) 30... Rxd6 (30... h4 $142 31. Kb3 (31. Bxb4 Rxd1 32. Rxd1 Be7 $16) 31... h3) 31. Rxd6 Be7 32. Rd5 f6 33. c4 bxc3 34. bxc3 Kf7 35. c4 {[%cal Bc3c4,Bc4c5][%mdl 32]} Ke6 $2 (35... Rd8 36. c5 Ke6) 36. Rgd1 Rg8 {and the idea ...Rg2+ leaves Black hopeful.} 37. Kb3 e4 (37... Rg2 $142 38. Rxe5+ fxe5) 38. c5 {White is clearly winning.} e3 39. Rxh5 {Bd5+ is the strong threat.} e2 (39... Rg5 $142) 40. Re1 {Accuracy: White = 92%, Black = 33%.} 1-0

[Event "19th Bangkok Open 2019"]
[Site "Bangkok"]
[Date "2019.04.13"]
[Round "8.9"]
[White "Stella, Andrea"]
[Black "Cholleti Sahajasri"]
[Result "1-0"]
[WhiteElo "2512"]
[BlackElo "2232"]
[Annotator "TA"]
[PlyCount "97"]
[EventDate "2019.04.06"]
[EventType "swiss"]
[EventCountry "THA"]
[SourceTitle "playchess.com"]
[Source "ChessBase"]
[SourceQuality "1"]

{[%evp 26,97,24,10,14,25,26,17,18,18,18,3,12,13,6,0,0,0,0,0,11,11,11,11,13,11,25,10,31,13,22,4,4,4,6,6,13,13,19,17,41,0,0,8,100,99,100,90,288,287,295,281,294,280,266,268,280,287,287,287,287,281,319,312,1293,994,1963,1772,1542,951,2732,2468,29977,29978]} 1. d4 Nf6 2. c4 e6 3. Nc3 Bb4 4. Qc2 O-O 5. Nf3 c5 6. dxc5 Na6 {[%cal Bb8a6,Ba6c5,Bc5e4][%mdl 32]} 7. g3 Nxc5 8. Bg2 Nce4 9. O-O Nxc3 10. bxc3 Be7 11. e4 d6 12. e5 dxe5 13. Nxe5 Qc7 14. Qe2 Nd7 {E39: Nimzo-Indian: Classical: 4...c5 5 dxc5 0-0} 15. Bf4 {[#] Ng6! is the strong threat.} Nxe5 16. Bxe5 Bd6 {The position is equal.} 17. Bxd6 (17. Rfe1 Rb8 18. Rad1 Bxe5 19. Qxe5 Qxe5 20. Rxe5 b6 21. c5 Ba6 22. c6 {½-½ (43) Nakamura,H (2781)-Caruana,F (2799) London 2017}) 17... Qxd6 18. Rab1 Rb8 19. Rfd1 Qc7 20. Qd3 b6 21. Qd6 Qxd6 22. Rxd6 {[#]} Bb7 $146 23. Rd7 Bxg2 24. Kxg2 $11 {[%mdl 4096] Endgame KRR-KRR} Ra8 25. c5 {Hoping for c6.} bxc5 26. Rbb7 g6 27. Rbc7 (27. a4 {is interesting.} a6 28. h4 Rad8 29. Rdc7 Rc8 30. Kf3) 27... Rad8 (27... Kg7 {with more complications.} 28. a4 a6 29. c4 Kf6 30. a5 Rad8) 28. Rxd8 Rxd8 29. Rxc5 {KR-KR} Rd2 30. a4 Rc2 31. g4 h6 32. h4 f5 33. g5 hxg5 34. hxg5 e5 (34... Kf8 $11 {keeps the balance.}) 35. Rxe5 $16 {Strongly threatening Ra5.} Rxc3 36. Ra5 Rc7 $2 {[#]} (36... Kf7 $16) 37. Ra6 $18 Kg7 38. Kg3 Re7 39. f3 Kh7 40. Kf4 Kg7 41. a5 {[%cal Ba4a5,Ba5a6][%mdl 32]} Kf7 42. Rf6+ Kg7 43. Rc6 Rb7 44. a6 Rb5 $2 (44... Re7 45. Rc8 Rd7) 45. Rc7+ Kg8 46. Rxa7 Ra5 47. Ke3 Ra3+ 48. Kd4 Rxf3 49. Rb7 {Accuracy: White = 70%, Black = 37%.} 1-0

[Event "19th Bangkok Open 2019"]
[Site "Bangkok"]
[Date "2019.04.13"]
[Round "8.10"]
[White "Ly, Moulthun"]
[Black "Varshini, V."]
[Result "1/2-1/2"]
[WhiteElo "2490"]
[BlackElo "2182"]
[Annotator "TA"]
[PlyCount "60"]
[EventDate "2019.04.06"]
[EventType "swiss"]
[EventCountry "THA"]
[SourceTitle "playchess.com"]
[Source "ChessBase"]
[SourceQuality "1"]

{[%evp 9,60,0,0,-9,-8,-14,0,-8,0,0,4,10,41,31,22,35,65,20,41,-21,-43,-56,-22,-77,-77,-66,-80,-117,-56,-83,-56,-75,-58,-151,-38,-41,-39,-517,-221,-504,-498,-603,-596,-600,-594,-594,-169,-529,0,-400,0,-496,0]} 1. e4 c5 2. Nc3 d6 3. d4 cxd4 4. Qxd4 Nc6 5. Qd2 $146 (5. Bb5 Nf6 6. Bg5 Nd7 7. Qd2 a6 8. Be2 h6 9. Be3 e6 10. a4 b6 11. Nf3 {0-1 (61) Zvjaginsev,V (2642)-Fedoseev,V (2719) St Petersburg 2018}) 5... Nf6 6. b3 {B23: Closed Sicilian: Lines without g3} e6 7. Bb2 Be7 8. O-O-O {The position is equal.} O-O 9. f4 a6 10. g4 b5 11. g5 Nd7 $1 12. h4 Nc5 13. Bd3 b4 14. Nce2 (14. Na4 $14) 14... a5 $36 {[%mdl 2048] Black has good play.} 15. Nf3 a4 16. Kb1 (16. Ned4 $11 {keeps the balance.} Nxd4 17. Nxd4) 16... axb3 $17 17. cxb3 d5 18. Nfd4 Nxd4 (18... Bb7 $17 19. Nxc6 Bxc6) 19. Nxd4 Qa5 (19... Nxe4 $6 20. Bxe4 dxe4 21. Nc6 $14) 20. a4 {Strongly threatening Nc6.} Bb7 $1 {...Nxa4! is the strong threat.} ({Much weaker is} 20... dxe4 $6 21. Nc6 $14) 21. e5 {[#]} (21. Bc2 $15) 21... Nxa4 (21... Nxb3 $1 $17 {[%mdl 512]} 22. Nxb3 Qxa4) 22. bxa4 $15 Qxa4 23. Bc2 $2 {[%mdl 8192]} (23. Bb5 $1 $15 Qa7 24. Kc2) 23... Qa2+ $19 24. Kc1 {[#] Hoping for Qd3.} b3 $1 {[%mdl 512]} 25. Nxb3 (25. Bxb3 Rfc8+) 25... Ba3 26. Bxa3 Qxa3+ 27. Kb1 Qa2+ 28. Kc1 Qa3+ 29. Kb1 {intending Rh3.} Qa2+ 30. Kc1 {[#]} Qa3+ $2 {Accuracy: White = 45%, Black = 67%.} ({Black should try} 30... Rfc8 $1 $19 31. Qd3 Qa3+ 32. Kd2 Qb4+ {[%mdl 64] Double Attack} 33. Ke3 Rc3) 1/2-1/2

[Event "19th Bangkok Open 2019"]
[Site "Bangkok"]
[Date "2019.04.13"]
[Round "8.11"]
[White "Sriram, Jha"]
[Black "Habla, Jony"]
[Result "1/2-1/2"]
[WhiteElo "2381"]
[BlackElo "2146"]
[Annotator "NA"]
[PlyCount "203"]
[EventDate "2019.04.06"]
[EventType "swiss"]
[EventCountry "THA"]
[SourceTitle "playchess.com"]
[Source "ChessBase"]
[SourceQuality "1"]
[TimeControl "40/5400+30:1800+30"]

1. d4 {[%emt 0:03:55]} d5 {[%emt 0:02:18]} 2. c4 {[%emt 0:00:08]} e6 {[%emt 0:00:07]} 3. Nc3 {[%emt 0:00:07]} Bb4 {[%emt 0:02:33]} 4. Nf3 {[%emt 0:01:15]} Nf6 {[%emt 0:00:41]} 5. Qa4+ {[%emt 0:00:10]} Nc6 {[%emt 0:00:20]} 6. e3 {[%emt 0:00:13]} O-O {[%emt 0:03:53]} 7. Qc2 {[%emt 0:00:10] D38: Queen's Gambit Declined: Ragozin Defence (4 Nf3 Bb4)} dxc4 {[%emt 0:00:29]} 8. Bxc4 {[%emt 0:00:06]} e5 {[%emt 0:00:15]} 9. dxe5 {[%emt 0:23:42]} Ng4 {[%emt 0:03:00] LiveBook: 7 Games} 10. Bd2 $146 {[%emt 0:01:40]} ({Predecessor:} 10. O-O Ngxe5 11. Nxe5 Nxe5 12. Be2 Bg4 13. f3 Bd7 14. a3 Bd6 {1-0 (28) Shirov,A (2696)-Hou,Y (2609) Tromsoe 2013}) 10... Ngxe5 {[%emt 0:00:30]} 11. Be2 {[%emt 0:00:15]} Be6 {[%emt 0:15:42]} 12. O-O {[%emt 0:18:44]} Re8 {[%emt 0:26:05]} 13. Rfd1 {[%emt 0:03:50]} Bf8 {[%emt 0:12:51]} 14. Nb5 {[%emt 0:09:10]} Nd7 {[%emt 0:17:15]} 15. Bc3 {[%emt 0:03:09]} a6 {[%emt 0:01:32]} 16. Nbd4 {[%emt 0:00:42]} Nxd4 {[%emt 0:00:17]} 17. Nxd4 {[%emt 0:00:17]} Bd6 {[%emt 0:01:49]} 18. Nf5 {[%emt 0:07:03]} Bxf5 {[%emt 0:00:17]} 19. Qxf5 {[%emt 0:00:01]} Qe7 {[%emt 0:01:01]} 20. g3 {[%emt 0:09:59]} Nf8 {[%emt 0:00:44]} 21. Bf3 {[%emt 0:00:39]} Rab8 {[%emt 0:01:42]} 22. Rac1 {[%emt 0:01:07]} Qe6 {[%emt 0:00:34]} 23. Qg5 {[%emt 0:00:42]} Qg6 {[%emt 0:00:17]} 24. Qh4 {[%emt 0:00:37]} Be7 {[%emt 0:02:31]} 25. Qc4 {[%emt 0:01:11]} Bd6 {[%emt 0:00:06]} 26. a3 {[%emt 0:03:11]} Ne6 {[%emt 0:00:58]} 27. Bg2 {[%emt 0:02:16]} Ng5 {[%emt 0:00:52]} 28. Rd5 {[%emt 0:02:18]} Ne4 {[%emt 0:00:25]} 29. Be1 {[%emt 0:01:43]} Nf6 {[%emt 0:00:27]} 30. Rdd1 {[%emt 0:00:23]} Qf5 {[%emt 0:00:24]} 31. Qc2 {[%emt 0:01:16]} Qh5 {[%emt 0:00:15]} 32. h3 {[%emt 0:00:38]} Re6 {[%emt 0:01:21]} 33. Rd4 {[%emt 0:01:39]} Qb5 {[%emt 0:01:05]} 34. b4 {[%emt 0:01:32]} Qe8 {[%emt 0:00:49]} 35. Rh4 {[%emt 0:00:38]} g6 {[%emt 0:00:21]} 36. Bc3 {[%emt 0:00:29]} c6 {[%emt 0:00:19]} 37. Rd1 {[%emt 0:01:04]} Qe7 {[%emt 0:01:02]} 38. Rc4 {[%emt 0:00:45]} Re8 {[%emt 0:00:18]} 39. Qb2 {[%emt 0:00:43]} Be5 {[%emt 0:00:47]} 40. Bxe5 {[%emt 0:00:00]} Rxe5 {[%emt 0:00:00]} 41. Rcd4 {[%emt 0:00:58]} h5 {[%emt 0:00:37]} 42. Rd6 {[%emt 0:04:12]} Kh7 {[%emt 0:02:48]} 43. R6d4 {[%emt 0:02:48]} Kg8 {[%emt 0:01:34]} 44. Qc3 {[%emt 0:01:27]} Kh7 {[%emt 0:00:53]} 45. R1d3 {[%emt 0:02:17]} Kg8 {[%emt 0:00:23]} 46. Rd6 {[%emt 0:01:11]} Kh7 {[%emt 0:00:20]} 47. R3d4 {[%emt 0:00:33]} Rf8 {[%emt 0:04:44]} 48. Rd3 {[%emt 0:10:14]} Nd5 {[%emt 0:01:26]} 49. Bxd5 {[%emt 0:00:48]} Qxd6 {[%emt 0:01:11]} 50. Bxc6 {[%emt 0:00:07]} Qc7 {[%emt 0:07:58]} 51. Bxb7 {[%emt 0:00:25]} Qxc3 {[%emt 0:02:12]} 52. Rxc3 {[%emt 0:00:00]} a5 {[%emt 0:00:52]} 53. Bc6 {[%emt 0:03:38]} axb4 {[%emt 0:02:27]} 54. axb4 {[%emt 0:00:00]} Rb8 {[%emt 0:02:35]} 55. Rc4 {[%emt 0:00:28]} Kg7 {[%emt 0:00:42]} 56. Kg2 {[%emt 0:00:35]} Re6 {[%emt 0:00:29]} 57. b5 {[%emt 0:01:04]} Re5 {[%emt 0:00:15]} 58. Rd4 {[%emt 0:02:26]} Kf6 {[%emt 0:00:47]} 59. Rb4 {[%emt 0:00:59]} Rc5 {[%emt 0:00:38]} 60. Rf4+ {[%emt 0:00:01]} Ke6 {[%emt 0:01:06]} 61. Rd4 {[%emt 0:00:21]} Rc2 {[%emt 0:00:30]} 62. g4 {[%emt 0:00:48]} hxg4 {[%emt 0:00:40]} 63. hxg4 {[%emt 0:00:01]} Rb2 {[%emt 0:03:26]} 64. Bd5+ {[%emt 0:00:52]} Ke7 {[%emt 0:00:12]} 65. Re4+ {[%emt 0:00:25]} Kd6 {[%emt 0:04:46]} 66. Bxf7 {[%emt 0:00:31]} g5 {[%emt 0:00:24]} 67. Be8 {[%emt 0:01:29]} Ra8 {[%emt 0:00:53]} 68. Kg3 {[%emt 0:01:32]} Raa2 {[%emt 0:00:01]} 69. Bf7 {[%emt 0:00:05]} Ra1 {[%emt 0:00:35]} 70. Rd4+ {[%emt 0:02:37]} Ke7 {[%emt 0:00:25]} 71. Bc4 {[%emt 0:00:27]} Ra4 {[%emt 0:00:52]} 72. Kf3 {[%emt 0:01:13]} Rbb4 {[%emt 0:00:19]} 73. Re4+ {[%emt 0:00:04]} Kd6 {[%emt 0:00:41]} 74. Bd3 {[%emt 0:00:03]} Rxe4 {[%emt 0:00:37]} 75. Bxe4 {[%emt 0:00:00]} Rb4 {[%emt 0:00:28]} 76. Bc6 {[%emt 0:00:36]} Rb2 {[%emt 0:00:51]} 77. Kg3 {[%emt 0:00:27]} Rb3 {[%emt 0:00:18]} 78. Kf3 {[%emt 0:01:04]} Rb2 {[%emt 0:00:08]} 79. Kg2 {[%emt 0:00:28]} Rb4 {[%emt 0:00:50]} 80. f3 {[%emt 0:01:14]} Rb2+ {[%emt 0:00:18]} 81. Kf1 {[%emt 0:01:00]} Kc5 {[%emt 0:00:27]} 82. Ke1 {[%emt 0:01:08]} Ra2 {[%emt 0:00:21]} 83. Bd7 {[%emt 0:00:51]} Rb2 {[%emt 0:00:30]} 84. Kf1 {[%emt 0:00:54]} Kd6 {[%emt 0:00:12]} 85. Be8 {[%emt 0:00:07]} Ke7 {[%emt 0:00:19]} 86. Bc6 {[%emt 0:00:01]} Kd6 {[%emt 0:00:07]} 87. Ke1 {[%emt 0:00:08]} Kc5 {[%emt 0:00:12]} 88. Be8 {[%emt 0:00:28]} Ra2 {[%emt 0:00:40]} 89. Bc6 {[%emt 0:00:50]} Rb2 {[%emt 0:00:06]} 90. Kd1 {[%emt 0:00:48]} Rf2 {[%emt 0:00:54]} 91. Ke1 {[%emt 0:00:42]} Rb2 {[%emt 0:00:06]} 92. f4 {[%emt 0:00:46]} gxf4 {[%emt 0:00:17]} 93. exf4 {[%emt 0:00:01]} Rb4 {[%emt 0:00:14]} 94. Kf2 {[%emt 0:00:07]} Rxf4+ {[%emt 0:00:18] Double Attack} 95. Kg3 {[%emt 0:00:00]} Rb4 {[%emt 0:01:06]} 96. Kh4 {[%emt 0:00:13]} Kd6 $11 {[%emt 0:00:08]} 97. Kh5 {[%emt 0:00:21]} Ke6 {[%emt 0:02:31]} 98. g5 {[%emt 0:00:59]} Kf7 {[%emt 0:00:16]} 99. Bd5+ {[%emt 0:00:44]} Kg7 {[%emt 0:00:12]} 100. Bc6 {[%emt 0:00:04]} Kf7 {[%emt 0:00:31]} 101. Bd5+ {[%emt 0:00:59]} Kg7 {[%emt 0:00:07]} 102. Bc6 {[%emt 0:03:54]} 1/2-1/2

[Event "19th Bangkok Open 2019"]
[Site "Bangkok"]
[Date "2019.04.13"]
[Round "8.12"]
[White "Damia, Angelo"]
[Black "Vijayalakshmi, Subbaraman"]
[Result "1/2-1/2"]
[WhiteElo "2215"]
[BlackElo "2345"]
[Annotator "NA"]
[PlyCount "102"]
[EventDate "2019.04.06"]
[EventType "swiss"]
[EventCountry "THA"]
[SourceTitle "playchess.com"]
[Source "ChessBase"]
[SourceQuality "1"]
[TimeControl "40/5400+30:1800+30"]

{[%evp 8,102,24,27,17,22,28,18,48,38,39,45,66,26,23,2,7,0,7,0,17,-22,26,-58,-60,-61,-21,32767,32767,32767,32767,0,21,-33,46,-2,-4,-7,0,0,0,0,0,0,0,32767,32767,-8,-16,-8,32767,32767,32767,32767,32767,32767,32767,-259,32767,32767,32767,32767,32767,32767,32767,32767,32767,32767,32767,32767,32767,32767,32767,32767,-82,32767,32767,32767,32767,32767,32767,-112,32767,32767,32767,32767,32767,32767,32767,32767,0,0,0,0,0,0,0]} 1. e4 {[%emt 0:03:38]} c5 {[%emt 0:11:18]} 2. Nf3 {[%emt 0:00:28]} Nc6 {[%emt 0:00:44]} 3. d4 {[%emt 0:00:08]} cxd4 {[%emt 0:00:05]} 4. Nxd4 {[%emt 0:00:04]} e5 {[%emt 0:00:06]} 5. Nb5 {[%emt 0:00:05]} d6 {[%emt 0:00:11] LiveBook: 4879 Games} 6. N1c3 {[%emt 0:01:16]} a6 {[%emt 0:00:15]} 7. Na3 {[%emt 0:00:05]} Nf6 {[%emt 0:01:07]} 8. Bg5 {[%emt 0:00:29]} Be6 {[%emt 0:01:34]} 9. Nc4 {[%emt 0:03:10]} b5 {[%emt 0:00:32]} 10. Ne3 {[%emt 0:00:05] B33: Sicilian: Pelikan and Sveshnikov Variations} Be7 $1 {[%emt 0:00:42]} 11. a4 {[%emt 0:03:44]} b4 {[%emt 0:02:58]} 12. Bxf6 $1 {[%emt 0:00:06]} Bxf6 {[%emt 0:10:42]} 13. Ncd5 {[%emt 0:01:28]} Bg5 {[%emt 0:00:19] [#]} 14. h4 $146 {[%emt 0:12:35]} ({Predecessor:} 14. Bd3 O-O 15. h4 Bxe3 16. Nxe3 Ne7 17. Qf3 Qd7 {½-½ (27) Fedorov,A (2616)-Somkin,E (2387) Izhevsk 2010}) 14... Bxh4 {[%emt 0:04:20]} (14... Bxe3 $1 $15 15. Nxe3 O-O) 15. Rxh4 {[%emt 0:00:04]} ({White should play} 15. Nf5 $11 Bxf5 16. exf5) 15... Qxh4 {[%emt 0:00:15]} 16. Nc7+ {[%emt 0:00:04]} Kd7 {[%emt 0:05:52]} 17. Nxa8 {[%emt 0:01:19]} Rxa8 {[%emt 0:00:07]} 18. Qd3 {[%emt 0:00:42]} Qd8 {[%emt 0:07:00]} 19. Rd1 $1 {[%emt 0:05:28]} Ke7 {[%emt 0:01:42]} ({Better is} 19... Qc7 $15) 20. Nd5+ {[%emt 0:04:34]} Bxd5 {[%emt 0:04:43]} (20... Ke8 $15) 21. exd5 {[%emt 0:00:16]} ({White should try} 21. Qxd5 $14 Na5 {[#]} 22. f4 $1 {[%mdl 512]} exf4 23. e5) 21... Nd4 {[%emt 0:01:01]} 22. Qxh7 {[%emt 0:00:36]} Qa5 {[%emt 0:08:28]} 23. Bd3 {[%emt 0:05:14]} Qxd5 {[%emt 0:06:49] Remove Defender} 24. Qxg7 {[%emt 0:05:01]} Ne6 {[%emt 0:07:41]} 25. Qg4 {[%emt 0:04:09]} Rh8 {[%emt 0:04:58]} 26. Qe4 {[%emt 0:00:42]} Qc5 {[%emt 0:03:29]} 27. Bxa6 {[%emt 0:05:05]} Rh1+ {[%emt 0:01:47]} 28. Bf1 {[%emt 0:00:05]} Nd4 {[%emt 0:02:58]} 29. Rxd4 {[%emt 0:00:40]} Qxd4 {[%emt 0:00:05]} 30. Qxd4 {[%emt 0:00:07]} exd4 {[%emt 0:00:03]} 31. b3 {[%emt 0:00:09]} Ke6 {[%emt 0:01:42]} 32. a5 {[%emt 0:04:52]} Ke5 {[%emt 0:04:12]} 33. f4+ {[%emt 0:06:32]} Kxf4 {[%emt 0:00:59]} 34. Kf2 {[%emt 0:00:14]} f6 {[%emt 0:02:55]} 35. a6 {[%emt 0:00:37]} Rh7 {[%emt 0:01:20]} 36. g3+ {[%emt 0:02:43]} Ke5 {[%emt 0:00:05]} 37. Kf3 {[%emt 0:01:43]} Rc7 {[%emt 0:01:06]} 38. Bd3 {[%emt 0:00:08]} Rc5 {[%emt 0:00:24]} 39. Kg4 {[%emt 0:01:24]} Ra5 {[%emt 0:00:06]} 40. Kh5 {[%emt 0:00:00] [#]} Ra1 {[%emt 0:00:00]} (40... Ke6+ $142 $1 41. Kh6 Kd7) 41. Kg6 {[%emt 0:01:39]} Ke6 {[%emt 0:01:28]} 42. Bc4+ {[%emt 0:10:30]} d5 {[%emt 0:02:39]} 43. Bd3 {[%emt 0:00:07]} Rg1 {[%emt 0:00:55]} 44. Bf5+ {[%emt 0:03:38]} Ke5 {[%emt 0:02:25]} 45. g4 {[%emt 0:04:00]} d3 {[%emt 0:00:34]} 46. Bxd3 {[%emt 0:00:18]} Rxg4+ {[%emt 0:00:16]} 47. Kf7 {[%emt 0:00:02]} Rg1 {[%emt 0:00:13]} 48. Bb5 {[%emt 0:00:03]} Rh1 {[%emt 0:02:17]} 49. Kg7 {[%emt 0:05:24]} Rg1+ {[%emt 0:00:26]} 50. Kf8 {[%emt 0:00:50]} Rh1 {[%emt 0:01:54]} 51. Kg7 {[%emt 0:02:09]} Rg1+ $11 {[%emt 0:00:30]} (51... Ra1 $5 52. Ba4 $8 Rg1+ 53. Kf8 Rh1 $11) 1/2-1/2

[Event "19th Bangkok Open 2019"]
[Site "Bangkok"]
[Date "2019.04.14"]
[Round "9.1"]
[White "Swapnil, S. Dhopade"]
[Black "Gustafsson, Jan"]
[Result "1/2-1/2"]
[WhiteElo "2488"]
[BlackElo "2633"]
[Annotator "TA"]
[PlyCount "31"]
[EventDate "2019.04.06"]
[EventType "swiss"]
[EventCountry "THA"]
[SourceTitle "playchess.com"]
[Source "ChessBase"]
[SourceQuality "1"]

{[%evp 14,22,27,13,14,17,29,30,23,28,29]} 1. Nf3 d5 2. g3 g6 3. Bg2 Bg7 4. d4 Nf6 5. O-O O-O 6. c4 dxc4 7. Na3 c5 8. dxc5 c3 {D77: Fianchetto Grünfeld: 6 0-0: Replies other than 6...c6} 9. Nb5 Na6 10. Nxc3 Nxc5 11. Be3 Nfe4 {Predecessor:} 12. Nxe4 $146 Nxe4 13. Bd4 Ng5 14. Bxg7 Nxf3+ 15. Bxf3 Kxg7 16. Qb3 {½-½ (28) Meier,G (2639)-Vidit,S (2711) chess.com INT 2018} 1/2-1/2

[Event "19th Bangkok Open 2019"]
[Site "Bangkok"]
[Date "2019.04.14"]
[Round "9.2"]
[White "Pascua, Haridas"]
[Black "Sengupta, Deep"]
[Result "0-1"]
[WhiteElo "2426"]
[BlackElo "2551"]
[Annotator "TA"]
[PlyCount "108"]
[EventDate "2019.04.06"]
[EventType "swiss"]
[EventCountry "THA"]
[SourceTitle "playchess.com"]
[Source "ChessBase"]
[SourceQuality "1"]

{[%evp 10,108,4,0,0,0,0,0,-5,-12,-6,-12,-16,-67,-68,-56,-63,-65,-47,-66,-67,-50,-61,-47,-31,-82,-96,-113,-119,-120,-127,-130,-127,-128,-124,-143,-139,-152,-130,-160,-146,-150,-151,-182,-175,-141,-140,-133,-122,-133,-131,-130,-125,-144,-143,-158,-146,-145,-132,-124,0,-138,-133,-135,0,-135,-133,-163,-160,-158,-137,-143,0,-156,-149,-147,-139,-114,-110,-107,-110,-109,-113,-350,-339,-370,-353,-340,-326,-310,-279,-281,-281,-283,-295,-532,-284,-531,-524,-29997,-29998]} 1. c4 e6 2. Nf3 d5 3. g3 dxc4 4. Qa4+ Bd7 5. Qxc4 c5 6. Ne5 Nc6 {A13: English Opening: 1...e6} 7. Nxd7 Qxd7 8. Bg2 Nf6 {The position is equal.} 9. d3 (9. Nc3 Rc8 10. Qa4 Be7 11. d3 O-O 12. Bd2 Rfd8 13. O-O c4 14. Rfd1 cxd3 {½-½ (22) Gabuzyan,H (2539)-Pashikian,A (2608) Yerevan 2018}) 9... Rc8 10. Bg5 $146 ({Predecessor:} 10. Be3 Nd4 11. Bxd4 cxd4 12. Qb3 Rc1+ 13. Kd2 Rc7 14. Na3 {½-½ (25) Johansen,D (2345)-Tan,J (2502) Melbourne 2018}) 10... Be7 11. O-O (11. Qa4 $11) 11... Nd4 $15 {aiming for ...b5.} 12. Re1 $1 b5 {[%cal Bb7b5,Bb5b4][%mdl 32]} 13. Qc1 $1 c4 $1 14. dxc4 Rxc4 15. Nc3 b4 $36 {[%mdl 2048] Black fights for an advantage.} 16. e3 Nf5 17. Bf1 {[#]} ({White should try} 17. e4 $15 Nd4 18. e5) 17... Rc6 $1 $17 {[%mdl 64] Pin} 18. Bb5 {Bxf6 is the strong threat.} bxc3 19. Bxc6 Qxc6 20. Qxc3 Qxc3 21. bxc3 Ne4 22. Bxe7 Kxe7 23. f3 Nc5 24. Rab1 Rc8 25. e4 Nd6 26. Rec1 {[#]} Nc4 $1 27. Rd1 Nb6 28. Kg2 e5 29. Rb5 f6 30. h4 h5 31. Kh3 Rc7 32. Rd2 Nca4 33. Rb3 Rc8 34. Rd1 Nc5 ({Much worse is} 34... Nxc3 $6 35. Rc1 $11) 35. Rb5 Nb7 36. Rb3 Nc5 37. Rb5 g6 38. Rd2 Rc7 39. Rd1 Nca4 40. Rb3 Nc5 41. Rb5 f5 42. exf5 gxf5 43. g4 hxg4+ 44. fxg4 fxg4+ 45. Kxg4 Nc4 46. Kh5 $2 (46. Kf3 $17 {is a better defense.}) 46... e4 $19 47. Rd4 Nd6 48. Rb1 Nf5 49. Kg4 Ke6 50. Rd8 Rg7+ 51. Kf4 Nd6 ({But not} 51... Nxh4 52. Re8+ Kd5 53. c4+ Kd4 54. Rd8+ Kc3 55. Rc8 $19) 52. h5 $2 (52. a4) 52... Nd3+ 53. Ke3 Ke5 {( -> ...Nf5+)} 54. c4 Nxc4+ {Accuracy: White = 44%, Black = 77%.} 0-1